Once minutos / (Registro nro. 12687)
[ vista simple ]
| 000 -LIDER | |
|---|---|
| fixed length control field | 00788nam a22002657a 4500 |
| 003 - IDENTIFICACDOR DE NÚMERO DE CONTROL | |
| control field | DO-SdBNP |
| 005 - DATE AND TIME OF LATEST TRANSACTION | |
| control field | 20230314114345.0 |
| 008 - ELEMENTOS DE LONGITUD FIJA | |
| fixed length control field | 171024b 2009 mx|| 00| 0 spa d |
| 020 ## - ISBN | |
| International Standard Book Number | 9786074292237 |
| 040 ## - FUENTE DE CATALOGACIÓN | |
| Agencia que crea de manera original el registro | BPMSU |
| Idioma de catalogación | spa |
| Agencia que realiza la transcripción | BPMSU |
| 082 #4 - NÚMERO DE CLASIFICACIÓN DECIMAL DE DEWEY | |
| Classification number | B869.3 |
| Item number | C672o 2009 |
| Edition number | 22 |
| 100 1# - ASIENTO PRINCIPAL -- NOMBRE PERSONAL | |
| Nombre personal | Coelho, Paulo |
| Fechas asociadas con el nombre | 1947- |
| 245 10 - MENCIÓN DE TITULO | |
| Título | Once minutos / |
| Mención de responsabilidad | Paulo Coelho ; traducción Ana Belén Costas |
| 260 ## - PUBLICACIÓN, DISTRIBUCIÓN, ETC. (PIE DE IMPRENTA) | |
| Lugar de publicación, distribución, etc | México : |
| Nombre del editor, distribuidor, etc. | Sant Jordi ; |
| Fecha de publicación, distribución, etc | 2009. |
| 300 ## - DESCRIPCIÓN FÍSICA | |
| Extensión | 291 p. ; |
| Dimensiones | 18 cm. |
| 490 0# - MENCIÓN DE SERIES | |
| Mención de serie | Debolsillo |
| Materiales especificados | |
| 534 ## - NOTA SOBRE LA VERSIÓN ORIGINAL | |
| Asiento principal del original | Título original : |
| Mención del título original | Onze minutos. |
| 586 ## - AWARDS NOTE | |
| Awards note | Best Seller |
| 590 ## - NOTA LOCAL | |
| Enlace | Inventariado, 2023/VM |
| 650 #4 - ENCABEZAMIENTO DE MATERIA--TEMÁTICO | |
| Término temático o nombre geográfico como elemento de entrada | Novela brasileña |
| 650 #4 - ENCABEZAMIENTO DE MATERIA--TEMÁTICO | |
| Término temático o nombre geográfico como elemento de entrada | Prostitución |
| Subdivisión de forma | Novela. |
| 700 1# - ASIENTO SECUNDARIO -- NOMBRE PERSONAL | |
| Nombre personal | Belén Costas, Ana, |
| Mención de responsabilidad | tr. |
| 910 ## - VALIDACIÓN | |
| Validación | VMateo V. Control de calidad (BPMSU) |
| 942 ## - ADDED ENTRY ELEMENTS (KOHA) | |
| Source of classification or shelving scheme | Dewey Decimal Classification |
| Koha item type | Libros |
| Withdrawn status | Lost status | Source of classification or shelving scheme | Damaged status | Not for loan | Collection code | Home library | Current library | Date acquired | Source of acquisition | Cost, normal purchase price | Full call number | Barcode | Date last seen | Price effective from | Koha item type |
|---|---|---|---|---|---|---|---|---|---|---|---|---|---|---|---|
| Dewey Decimal Classification | Colección General | Biblioteca Pública Metropolitana Salomé Ureña | Biblioteca Pública Metropolitana Salomé Ureña | 10/24/2017 | COMPRA | 175.00 | BPMSU CG B869.3 C672o 2009 | BPMSU17100144 | 10/24/2017 | 10/24/2017 | Libros |